my world - conan gray (lyrics) - Statistics

General Stats
  • This quiz has been taken 50 times
  • The average score is 297 of 327
Answer Stats
Hint Answer % Correct
a
100%
Bridge A
100%
and
100%
And
100%
I
100%
it
100%
it's
100%
It's
100%
my
100%
the
100%
who
100%
world
100%
you
100%
You
100%
if
97%
If
97%
I'll
97%
in
97%
life
97%
like
97%
your
97%
you're
97%
be
93%
do
93%
don't
93%
girl
93%
guy
93%
have
93%
kiss
93%
me
93%
me,
93%
might
93%
So,
93%
to
93%
All
90%
all
90%
back
90%
but
90%
Chorus But
90%
Every
90%
for
90%
got
90%
mind
90%
say
90%
time
90%
when
90%
calling
86%
can
86%
'em
86%
keep
86%
know
86%
later,
86%
no
86%
okay,
86%
really
86%
sorry
86%
Verse 2 There
86%
totally
86%
trash
86%
treating
86%
we're
86%
were
86%
with
86%
being
83%
by
83%
'Cause
83%
dude,
83%
everything
83%
how
83%
How
83%
not
83%
should
83%
tell
83%
that
83%
was
83%
waste
83%
year
83%
yours?
83%
Doesn't
79%
full
79%
living
79%
longer
79%
need
79%
of
79%
out
79%
revenge
79%
stuck
79%
supposed
79%
why?
79%
anything
76%
before
76%
drinking
76%
guys
76%
just
76%
lie
76%
matter
76%
on
76%
referee
76%
Romeo,
76%
talking
76%
Telling
76%
won't
76%
low
72%
summer
72%
true
72%
would
72%
anymore
69%
care
69%
fling,
69%
person
69%
affect
66%
from
66%
fucking
66%
Verse 1 I've
66%
please
66%
shut
66%
as
62%
door
62%
up
62%
Couldn't
59%
given
59%
Maybe
55%
thought
55%
approval
52%
found
52%
remedy
52%
self-assessment
48%
No matching quizzes found
Score Distribution
Percent of People with Each Score
Percentile by Number Answered
Your Score History
You have not taken this quiz